| 000 | 01467cam a2200289 i 4500 | ||
|---|---|---|---|
| 003 | SA-RiAUC | ||
| 005 | 20251109085106.0 | ||
| 008 | 250912s1970 ua g 00000 ara c | ||
| 040 |
_aSA-RiKSU _bara _cSA-RiAUC _erda |
||
| 082 | 0 | 4 |
_a235.1 _qSA-RiAUC |
| 090 |
_a235.1 _bع ب ا |
||
| 100 | 1 |
_aالعباد، عبد المحسن بن حمد بن عبد المحسن، _d1352 هجري- _eمؤلف. |
|
| 245 | 1 | 0 |
_aعشرون حديثا من صحيح البخاري : _bدراسة أسانيدها وشرح متونها / _cشرح عبد المحسن بن حمد العباد. |
| 246 | 3 | _aحديثا من صحيح البخاري | |
| 264 | 1 |
_a[مكان النشر غير محدد] : _b[الناشر غير محدد]، _c1970 |
|
| 264 | 3 |
_aالقاهرة : _bالمطبعة السلفية |
|
| 300 |
_a240 صفحة ؛ _c24 سم |
||
| 336 |
_aنص _btxt _2rdacontent _3كتاب |
||
| 337 |
_aبدون وسيط _bn _2rdamedia |
||
| 338 |
_aمجلد _bnc _2rdacarrier |
||
| 650 | 7 |
_aالحديث _xالإسناد الصحيح _2aucsh |
|
| 650 | 7 |
_aالحديث _xشرح _2aucsh |
|
| 650 | 7 |
_aالحديث _xالكتب الستة _2aucsh |
|
| 700 | 1 | 2 |
_iشرح لـ : _aالبخاري، محمد بن إسماعيل بن إبراهيم، _d194-256 هجري. _tالجامع الصحيح المسند المختصر من حديث رسول الله صلى الله عليه وسلم وسننه وأيامه |
| 942 |
_2ddc _cBOOK _n0 |
||
| 949 |
_aSA-JeALM _d250912 _umohamedma123 _n1 |
||
| 999 |
_c13094 _d13094 |
||